<?xml version="1.0" encoding="UTF-8"?>
<collection xmlns="http://www.loc.gov/MARC21/slim">
 <record>
  <leader>06096nam a2200361 a 4500</leader>
  <controlfield tag="001">kal2488</controlfield>
  <controlfield tag="003">Gr-AtHEAL</controlfield>
  <controlfield tag="005">20160421122505.0</controlfield>
  <controlfield tag="006">m        d        </controlfield>
  <controlfield tag="008">160413s2015    gr      s           gre|c</controlfield>
  <datafield tag="020" ind1=" " ind2=" ">
   <subfield code="a">9789606030321</subfield>
  </datafield>
  <datafield tag="040" ind1=" " ind2=" ">
   <subfield code="a">GR-AtHEAL</subfield>
   <subfield code="b">gre</subfield>
   <subfield code="c">GR-AtHEAL</subfield>
  </datafield>
  <datafield tag="082" ind1="0" ind2="4">
   <subfield code="a">658</subfield>
   <subfield code="2">23</subfield>
  </datafield>
  <datafield tag="100" ind1="1" ind2=" ">
   <subfield code="a">Γεωργίου, Ανδρέας.</subfield>
   <subfield code="8">309</subfield>
  </datafield>
  <datafield tag="245" ind1="1" ind2="0">
   <subfield code="a">Τεχνικές προσομοίωσης στην διοικητική επιστήμη</subfield>
   <subfield code="h">[Ηλεκτρονικός πόρος] </subfield>
   <subfield code="c">Γεωργίου, Ανδρέας ;  Κωνσταντάρας, Ιωάννης ;  Κάπαρης, Κωνσταντίνος ; Κριτικός αναγνώστης,Αγγελής, Ελευθέριος ; Γραφιστική και Τεχνική επιμέλεια,Μαδαμάς, Σωτήρης ;  Γλωσσική επιμέλεια,Τοπαλτζίκη, Ουρανία.</subfield>
  </datafield>
  <datafield tag="260" ind1=" " ind2=" ">
   <subfield code="a">Αθήνα :</subfield>
   <subfield code="b">Σύνδεσμος Ελληνικών Ακαδημαϊκών Βιβλιοθηκών,</subfield>
   <subfield code="c">c2015.</subfield>
  </datafield>
  <datafield tag="490" ind1=" " ind2=" ">
   <subfield code="a">Ακαδημαϊκά Ηλεκτρονικά Συγγράμματα και Βοηθήματα Κάλλιπος</subfield>
   <subfield code="8">40</subfield>
  </datafield>
  <datafield tag="520" ind1=" " ind2=" ">
   <subfield code="a">Στο προτεινόμενο σύγγραμμα αναπτύσσεται η θεωρία και η εφαρμογή της μεθοδολογίας της Προσομοίωσης στη Διοικητική Επιστήμη (Simulation in Management Science). Παρουσιάζονται αναλυτικά βασικές έννοιες όπως «σύστημα» και «μοντέλο» με ειδικότερη εστίαση στα μοντέλα προσομοίωσης. Ακολουθεί παράθεση της μεθοδολογίας ανάπτυξης μοντέλων στη Διοίκηση Επιχειρήσεων αποτύπωση, περιγραφή, διερεύνηση, σύγκριση, πρόβλεψη και βελτιστοποίηση (descriptive, perspective, predictive, optimization) ενώ στη συνέχεια μελετώνται έννοιες όπως: οντότητες (entities), δραστηριότητες και διεργασίες (activities and processes), γεγονότα (events), ενεργητικές και παθητικές καταστάσεις (active passive or idle states) και ένα σύνολο εργαλείων που οδηγούν (drive) τα μοντέλα προσομοίωσης.Θεμελιώνονται οι βασικές αρχές πάνω στις οποίες εδράζεται η προσομοίωση διακριτών γεγονότων (discrete event), δηλαδή οι τυχαίοι αριθμοί (random numbers), οι γεννήτριες (random variates generators), η ανάλυση των δεδομένων εισόδου (input data analysis), η διαγραμματική απεικόνιση και τα βασικά εργαλεία προγραμματισμού. Δίνεται ιδιαίτερο βάρος στις έννοιες της επαλήθευσης και της εγκυρότητας (verification and validation) και αναλύονται οι τεχνικές που εγκαθιδρύουν την αξιοπιστία ενός μοντέλου. Το θεωρητικό υπόβαθρο ολοκληρώνεται με την παρουσίαση στατιστικών εργαλείων για την ανάλυση των δεδομένων εξόδου (output statistical analysis) και με την παρουσίαση μεθόδων μείωσης της μεταβλητότητας και αυτοσυσχέτισης των αποτελεσμάτων (variance reduction techniques). Το σύγγραμμα ολοκληρώνεται με την ανάπτυξη ενός case study, που συμπληρωματικά με όλα τα υπόλοιπα παραδείγματα του βιβλίου, ενσωματώνει τις τεχνικές και τα εργαλεία σε μια ολιστική προσέγγιση με τη χρήση ενός εξελιγμένου εργαλείου προσομοίωσης (ExtendSim) το οποίο επίσης παρουσιάζεται στις βασικές του λειτουργίες αλλά και εναλλακτικά με τη χρήση εργαλείων ανοικτού κώδικα (JaamSim).Το βιβλίο συνοδεύεται από εκτενή και επίκαιρη διεθνή βιβλιογραφία και αρθρογραφία.</subfield>
  </datafield>
  <datafield tag="650" ind1=" " ind2="0">
   <subfield code="a">Management</subfield>
   <subfield code="x">Simulation methods.</subfield>
   <subfield code="8">2029</subfield>
  </datafield>
  <datafield tag="653" ind1=" " ind2=" ">
   <subfield code="a">Μοντελοποίηση επιχειρησιακών διεργασιών</subfield>
  </datafield>
  <datafield tag="653" ind1=" " ind2=" ">
   <subfield code="a">Προσομοίωση στη διοικητική επιστήμη</subfield>
  </datafield>
  <datafield tag="653" ind1=" " ind2=" ">
   <subfield code="a">Προσομοίωση διακριτών γεγονότων</subfield>
  </datafield>
  <datafield tag="653" ind1=" " ind2=" ">
   <subfield code="a">Μοντέλα προσομοίωσης</subfield>
  </datafield>
  <datafield tag="653" ind1=" " ind2=" ">
   <subfield code="a">Μαθηματικά</subfield>
   <subfield code="a">Επιχειρισιακή έρευνα, μαθηματικός προγραμματισμός</subfield>
   <subfield code="a">Επιχειρησιακή έρευνα και επιστήμη διαχείρισης</subfield>
  </datafield>
  <datafield tag="653" ind1=" " ind2=" ">
   <subfield code="a">Οικονομικές επιστήμες</subfield>
   <subfield code="a">Μαθηματικές και ποσοτικές μέθοδοι</subfield>
   <subfield code="a">Μαθηματικές μέθοδοι, μοντέλα προγραμματισμού, μαθηματικά μοντέλα και μοντέλα προσομοίωσης</subfield>
  </datafield>
  <datafield tag="700" ind1="1" ind2=" ">
   <subfield code="a">Κωνσταντάρας, Ιωάννης</subfield>
   <subfield code="e">Συγγραφέας</subfield>
   <subfield code="8">324</subfield>
  </datafield>
  <datafield tag="700" ind1="1" ind2=" ">
   <subfield code="a">Κάπαρης, Κωνσταντίνος</subfield>
   <subfield code="e">Συγγραφέας</subfield>
   <subfield code="8">325</subfield>
  </datafield>
  <datafield tag="700" ind1="1" ind2=" ">
   <subfield code="a">Αγγελής, Ελευθέριος</subfield>
   <subfield code="e">Κριτικός αναγνώστης</subfield>
   <subfield code="8">326</subfield>
  </datafield>
  <datafield tag="856" ind1="4" ind2="0">
   <subfield code="u">http://hdl.handle.net/11419/2488</subfield>
   <subfield code="z">Πλήρες Κείμενο - Full text</subfield>
  </datafield>
  <datafield tag="907" ind1=" " ind2=" ">
   <subfield code="a">.b25681047</subfield>
   <subfield code="b">12-06-18</subfield>
   <subfield code="c">29-07-16</subfield>
  </datafield>
  <datafield tag="949" ind1=" " ind2=" ">
   <subfield code="0">0</subfield>
   <subfield code="1">0</subfield>
   <subfield code="2">ddc</subfield>
   <subfield code="4">0</subfield>
   <subfield code="6">658_000000000000000_ΓΕΩ</subfield>
   <subfield code="7">0</subfield>
   <subfield code="8">KALL</subfield>
   <subfield code="8">863</subfield>
   <subfield code="d">2016-04-13</subfield>
   <subfield code="r">2016-04-13</subfield>
   <subfield code="w">2016-04-13</subfield>
   <subfield code="z">658 ΓΕΩ</subfield>
   <subfield code="o">SEAB KALLIPOS</subfield>
  </datafield>
  <datafield tag="998" ind1=" " ind2=" ">
   <subfield code="a">80</subfield>
   <subfield code="a">01</subfield>
   <subfield code="a">02</subfield>
   <subfield code="a">03</subfield>
   <subfield code="a">04</subfield>
   <subfield code="a">05</subfield>
   <subfield code="a">06</subfield>
   <subfield code="a">07</subfield>
   <subfield code="a">08</subfield>
   <subfield code="a">09</subfield>
   <subfield code="a">10</subfield>
   <subfield code="a">11</subfield>
   <subfield code="a">12</subfield>
   <subfield code="a">13</subfield>
   <subfield code="a">14</subfield>
   <subfield code="a">15</subfield>
   <subfield code="a">16</subfield>
   <subfield code="a">17</subfield>
   <subfield code="a">18</subfield>
   <subfield code="a">19</subfield>
   <subfield code="a">20</subfield>
   <subfield code="a">21</subfield>
   <subfield code="a">22</subfield>
   <subfield code="a">23</subfield>
   <subfield code="a">24</subfield>
   <subfield code="a">25</subfield>
   <subfield code="a">26</subfield>
   <subfield code="b">22-05-17</subfield>
   <subfield code="c">m</subfield>
   <subfield code="d">z  </subfield>
   <subfield code="e">-</subfield>
   <subfield code="f">gre</subfield>
   <subfield code="g">gr </subfield>
   <subfield code="h">0</subfield>
  </datafield>
  <datafield tag="942" ind1=" " ind2=" ">
   <subfield code="2">ddc</subfield>
   <subfield code="c">KALLIPOS</subfield>
  </datafield>
 </record>
</collection>
